Biggest Countries Without an 'I' by Population - Statistics

General Stats
  • This quiz has been taken 210 times
    113 since last reset
  • The average score is 17 of 25
Answer Stats
Population Country % Correct
82 mill Germany
98%
65 mill France
93%
126 mill Japan
91%
101 mill Egypt
90%
37 mill Canada
89%
83 mill Turkey
87%
168 mill Bangladesh
79%
33 mill Peru
79%
36 mill Morocco
72%
42 mill Sudan
72%
51 mill South Korea
71%
52 mill Kenya
70%
38 mill Poland
70%
32 mill Venezuela
64%
31 mill Angola
62%
54 mill Myanmar
62%
17 mill Netherlands
59%
18 mill Kazakhstan
58%
26 mill North Korea
57%
30 mill Ghana
54%
29 mill Yemen
54%
41 mill Uganda
51%
25 mill Cameroon
43%
30 mill Nepal
43%
27 mill Madagascar
40%
No matching quizzes found
Score Distribution
Percent of People with Each Score
Percentile by Number Answered
Your Score History
You have not taken this quiz since the last reset